Wilson, T. K.. Frontiers of violence. - Oxford

Titel: Wilson, T. K.. Frontiers of violence. - Oxford : Oxford Univ. Press. - 2010 [Rezension]
Verfasser:
In: Nations and nationalism, Band 19, Heft 3 (2013), Seite 599-601
alle Artikel anzeigen
Veröffentlicht: 2013
Format: Aufsatz
Sprache: Englisch
Schlagworte:
Kein Bild verfügbar
X
alg: 39514318
001A    $01999:12-11-16 
001B    $01999:10-07-24 $t22:32:32.000 
001D    $01999:12-11-16 
001U    $0utf8 
001X    $00 
002@    $0Oox 
003@    $0395143187 
007A    $0395143187 $aHEB 
007T    $0Herdc0108720m 
009Q    $uhttp://onlinelibrary.wiley.com/doi/10.1111/nana.12033%5F6/ $xVolltext 
010@    $aeng 
011@    $a2013 
013D    $#Newspapers Sections, columns, etc. Reviews $#Book reviewing $#Journaux Cahiers, chroniques, etc. Comptes rendus $#Livres Recension $#Rezension $#Buchbesprechung $#Buchrezension $#Buchkritik $74049712-4 $8Rezension [Ts1] $9085138568 
021A    $aWilson, T. K.. Frontiers of violence. - Oxford $dOxford Univ. Press. -  2010 [Rezension] 
028A    $aCauvet $dPhilippe 
031A    $d19 $e3 $h599-601 $j2013 
039B    $aIn $8--Obvc--. Nations and nationalism. - Oxford : Wiley-Blackwell, 1995-. - Online-Ressource. - ISSN 1469-8129. - DOI 10.1111/(ISSN)1469-8129 $x201300000190003401 $9084522844 
039T    $8--Aau--Wilson, Timothy Keith$Z1971- [Tp3]. Frontiers of violence. - 1. publ.. - Oxford : Oxford Univ. Press, 2010. - XVIII, 259 S.. - Ill., Kt.. - ISBN 978-0-19-958371-3 $9226580563 
045F    $a900.9438 $eDDC23BSB 
045F/01 $a900 
045F/03 $g438 
045F/03 $g4385 

lok: 39514318 78

exp: 39514318 78 1 #EPN
201B/01 $018-11-16 $t13:52:32.000 
201U/01 $0utf8 
203@/01 $079144189X 
208@/01 $a12-11-16 $be 
209A/01 $a/ $f000 $x00 
220C/01 $aTitelaufnehmer: pg 
220C/01 $aHerkunft: HI Marburg 
244Z/01 $2Trx $#Silesia $#Śląsk $#Sliezsko $#Slezsko $8--Trx--Schlesien $x01 $9391173987 
244Z/01 $2Trx $#Poola $#Lenkija $#Polija $#Polen Land $#Poland $#Lengyelország $#Poľsko $#Polsko $8--Trx--Polska$gkraj $x02 $9391345966 
244Z/01 $2Trx $#arvustused $#recenzijos $#Reviews $#recenziók $#recenzje $#recenzie $#recenze $8--Trx--Rezensionen $x03 $9391357441 
244Z/01 $2Trx $8--Trx--elektronische Ressource $x04 $939138452X 
247C/01 $82080>Marburg/Lahn, Herder-Institut, Forschungsbibliothek, Bibliographieportal $9336309341
LEADER 00000caa a22000002c 4500
001 395143187
003 DE-603
005 20240710223232.0
007 cr||||||||||||
008 161112s2013 xx |||| o| u00||u|eng c
035 |a (DE-599)HEB395143187 
040 |a DE-603  |b ger  |c DE-603  |d DE-603 
041 |a eng 
082 0 4 |8 1\u  |a 900.9438  |q DE-101  |2 23/BSB 
085 |8 1\u  |b 900 
085 |8 1\u  |z 2  |s 438 
085 |8 1\u  |z 2  |s 4385 
100 1 |a Cauvet, Philippe 
245 0 0 |a Wilson, T. K.. Frontiers of violence. - Oxford  |b Oxford Univ. Press. - 2010 [Rezension] 
264 0 |c 2013 
655 7 |a Rezension  |2 gnd-content  |0 (DE-588)4049712-4  |0 (DE-603)085138568 
773 0 8 |i In  |t Nations and nationalism  |d Oxford : Wiley-Blackwell, 1995-  |h Online-Ressource  |o 10.1111/(ISSN)1469-8129  |x 1469-8129  |g Band 19, Heft 3 (2013), Seite 599-601  |w (DE-603)084522844  |w (DE-600)1500007-2 
787 0 8 |i Rezension von  |a Wilson, Timothy Keith, 1971-  |t Frontiers of violence  |b 1. publ.  |d Oxford : Oxford Univ. Press, 2010  |h XVIII, 259 S., Ill., Kt.  |z 9780199583713  |z 0199583714  |w (DE-603)226580563 
856 |u http://onlinelibrary.wiley.com/doi/10.1111/nana.12033%5F6/ 
924 1 |9 2080  |a (DE-603)79144189X  |b DE-2080  |c HES  |d d  |g /